| 000 | 01840cam a22004454i 4500 | ||
|---|---|---|---|
| 003 | PE-LiUPU | ||
| 005 | 20250731175641.0 | ||
| 008 | 150706s r 000 0 d | ||
| 020 | _a9781405842778 | ||
| 035 | _a(Sirsi) i9781405842778 | ||
| 040 |
_aPE-LiUPU _bspa _cPE-LiUPU _erda |
||
| 049 | _aPRUA | ||
| 082 | 0 | 4 |
_a428.6461 _bPR1 a _221 |
| 100 | 1 |
_aTwain, Mark, _eautor. |
|
| 245 | 1 | 4 |
_aThe adventures of Tom Sawyer / _cMark Twain contada por Jacqueline Kehl. |
| 264 | 1 |
_aHarlow : _bPearson Education, _c2008. |
|
| 300 |
_a27 páginas : _bilustraciones ; _c20 cm. |
||
| 300 | _a01 CD-ROM | ||
| 336 |
_atext _2rdacontent |
||
| 337 |
_aunmediated _2rdamedia |
||
| 338 |
_avolume _2rdacarrier |
||
| 490 | 0 |
_aPenguin Readers ; _vLevel 1 |
|
| 505 | 0 | _aThe fence -- In the graveyard -- A bad day -- Across the river -- At school -- The trial -- Injun Joe´s treasure -- Becky´s Adventure day -- Huck´s adventure -- In the cave -- In the cave again -- At mrs. douglas´s house -- Huck´s new home -- Activities -- Word list. | |
| 526 | _aP145 | ||
| 526 | _aP127 | ||
| 526 | _aP97 | ||
| 526 | _aP35 | ||
| 526 | _aP14 | ||
| 526 | _aP07 | ||
| 541 | _g002-0046574; | ||
| 600 | 1 |
_aSawyer, Tom (personaje ficticio) _vNovela. |
|
| 650 | 2 | 4 |
_aNiños _zMissouri _vNovela. |
| 650 | 2 | 4 | _aNovela de aventuras. |
| 910 |
_agl _cjck _d20120514 |
||
| 942 |
_2ddc _cBOOK |
||
| 949 |
_a428.6461 PR1 A _wDEWEY _c1 _i64648 _lCCODEBUL1 _mBUL _p5.00 _r0 _sY _tBOOK _u2015-7-6 _xEDUCACION _PP20 _o.STAFF. Colección General |
||
| 994 |
_aC0 _bPEPRU |
||
| 596 | _a1 | ||
| 999 |
_a428.6461 PR1 A _wDEWEY _c53352 _i64648 _d53352 _e2019-4-2 _f2021-11-8 _g5 _lCCODEBUL1 _mBUL _n8 _p5.00 _r0 _sY _tBOOK _u2015-7-6 _xEDUCACION _PP20 _0COMPRA _o.STAFF. Colección General |
||
| 980 |
_81 _gALBERTO SANCHEZ Responsable de Automatización |
||